[Event "Dubai HOC blitz op"]
[Site "Dubai"]
[Date "2019.08.11"]
[Round "2"]
[White "Muradli, Mahammad"]
[Black "Revillosa, Edgie"]
[Result "1-0"]
[WhiteElo "2338"]
[BlackElo "1880"]
[PlyCount "81"]
[EventDate "2019.08.11"]
[EventType "swiss (blitz)"]
[EventRounds "9"]
[EventCountry "UAE"]
[SourceTitle "EXT 2020"]
[Source "ChessBase"]
[SourceDate "2019.10.17"]
[SourceVersion "1"]
[SourceVersionDate "2019.10.17"]
[SourceQuality "1"]

1. Nf3 Nf6 2. c4 c5 3. Nc3 Nc6 4. g3 e6 5. Bg2 Be7 6. 0-0 a6 7. d4 cxd4 8. Nxd4 0-0 9. e4 Qc7 10. Be3 Rb8 11. Rc1 Qa5 12. c5 Ne5 13. Bf4 d6 14. cxd6 Bxd6 15. Nf5 Bb4 16. a3 Bxc3 17. Ne7+ Kh8 18. Rxc3 Bd7 19. b4 Qd8 20. Bxe5 Qxe7 21. Bd6 Qe8 22. Bxf8 Qxf8 23. e5 Nd5 24. Bxd5 exd5 25. Qxd5 Bc6 26. Qd6 Qe8 27. Rd1 h6 28. Re3 Qg8 29. h4 Re8 30. f4 Qh7 31. Qd3 Qg8 32. f5 Qf8 33. e6 fxe6 34. fxe6 Qe7 35. Rf1 Qc7 36. Qg6 Qb6 37. Rfe1 Qd4 38. Qd3 Qg4 39. e7 Qh3 40. Rf3 Bxf3 41. Qxf3 1-0

[Event "Dubai HOC blitz op"]
[Site "Dubai"]
[Date "2019.08.11"]
[Round "7"]
[White "Revillosa, Edgie"]
[Black "Idani, Pouya"]
[Result "0-1"]
[WhiteElo "1880"]
[BlackElo "2545"]
[PlyCount "57"]
[EventDate "2019.08.11"]
[EventType "swiss (blitz)"]
[EventRounds "9"]
[EventCountry "UAE"]
[SourceTitle "EXT 2020"]
[Source "ChessBase"]
[SourceDate "2019.10.17"]
[SourceVersion "1"]
[SourceVersionDate "2019.10.17"]
[SourceQuality "1"]

1. d4 Nf6 2. e3 g6 3. Bd3 Bg7 4. Nf3 0-0 5. 0-0 d6 6. h3 Nbd7 7. c3 e5 8. e4 c6 9. b3 Qc7 10. a4 Re8 11. Re1 Nh5 12. Bf1 Nf8 13. Na3 Nf6 14. Qc2 d5 15. dxe5 Nxe4 16. Bf4 Bf5 17. Bd3 Nd7 18. g4 Be6 19. Bxe4 dxe4 20. Ng5 Bxe5 21. Nxe6 Rxe6 22. Bxe5 Nxe5 23. Rxe4 Nf3+ 24. Kg2 Rf6 25. Rh1 Rd8 26. Nb1 Nh4+ 27. Kg1 Qd6 28. Qe2 Qd1+ 29. Qe1 0-1